LEADER 01744nam 2200409 450 001 000015218 005 20050718115600.0 010 $a3-540-05293-3 100 $a20030722d1970----km-y0itay0103----ba 101 0 $aeng 102 $aUS 200 1 $aSet-valued mappings, selections and topological properties of 2[^x]$eproceedings of the conference held at the State University of New York at Buffalo, May 8-10, 1969$fedited by W. M. Fleischman 210 $aBerlin [etc.]$cSpringer$d1970 215 $aX, 109 p.$d26 cm. 225 2 $aLecture notes in mathematics$v171 410 0$12001$aLecture notes in mathematics 606 $aTopologia$xCongressi 606 $aTeoria dei punti fissi$xCongressi 606 $aSpazi topologici$xCongressi 676 $a514.322$v(21. ed.)$9Topologia degl'insiemi di punti (Topologia generale) 691 $a54C60$9General topology. Maps and general types of spaces defined by maps. Set-valued maps 702 1$aFleischman,$bW. M. 712 12$aInternational conference on set-valued mappings, selections and topological properties of 2^x$f<1969$e; New York> 801 0$aIT$bUniversità della Basilicata - B.I.A.$gRICA$2unimarc 912 $a000015218 996 $aSet-valued mappings, selections and topological properties of 2$983455 997 $aUNIBAS BAS $aMONSCI BAS $aSCIENZE CAT $aEXT003$b01$c20030722$lBAS01$h1907 CAT $c20050601$lBAS01$h1755 CAT $abatch$b01$c20050718$lBAS01$h1052 CAT $c20050718$lBAS01$h1111 CAT $c20050718$lBAS01$h1141 CAT $c20050718$lBAS01$h1156 FMT Z30 -1$lBAS01$LBAS01$mBOOK$1BASA2$APolo Tecnico-Scientifico$2GEN$BCollezione generale$3MAT$631375$5S31375$820030722$f51$FRiservati LEADER 01762nam0 2200349 450 001 000045068 005 20180917130937.0 100 $a20180914d1966----km-y0itaa50------ba 101 0 $aita 102 $aIT 200 1 $aMemoria illustrativa della carta della utilizzazione del suolo della Toscana$efogli 9, 11 e 12 della Carta della utilizzazione del suolo d'Italia$fGiuseppe Barbieri$gcon una introduzione di Carmelo Colamonico 210 $aRoma$cConsiglio nazionale delle ricerche$dstampa 1966 215 $a158 p.$cill.$d24 cm 225 2 $aMemorie regionali illustrative della carta della utilizzazione del suolo d'Italia$v6 316 $aSulla pagina precedente il frontespizio firma autografa e data: Gioacchino Viggiani, 12 maggio 1967 410 0$12001$aMemorie regionali illustrative della carta della utilizzazione del suolo d'Italia$v6 606 1 $aEconomia agraria$yToscana 607 $aToscana$xGeografia economica 676 $a338.1$v(22. ed.)$9Produzione. Agricoltura 676 $a631.47$v(22. ed.)$9Pedologia. Rilevamenti del terreno e suo uso 700 1$aBarbieri,$bGiuseppe$f<1923-2004>$0298398 702 1$aColamonico,$bCarmelo 801 0$aIT$bUniversità della Basilicata - B.I.A.$gREICAT$2unimarc 912 $a000045068 996 $aMemoria illustrativa della carta della utilizzazione del suolo della Toscana$9451380 997 $aUNIBAS CAT $aSTD119$b01$c20180914$lBAS01$h1527 CAT $aTTM$b30$c20180917$lBAS01$h1050 CAT $aTTM$b30$c20180917$lBAS01$h1229 CAT $aTTM$b30$c20180917$lBAS01$h1309 FMT Z30 -1$lBAS01$LBAS01$mBOOK$1BASA2$APolo Tecnico-Scientifico$2FVIG$BFondo Viggiani$3FVig/42740$642740$5T42740$7Collocato presso la Scuola di Agraria$820180914$f35$FStanza riservata